000 00553nam a22002057a 4500
005 20250416144644.0
010 _aENG-144650
020 _c100.00
035 _aEN-128182
037 _bDBAD
082 _a881
100 _aBaneerjee, Amit
_980638
245 _aKing and Other Poems/
_cAmit Baneerjee
250 _a1
260 _aKolkata
_bAntarika
_c2010
270 _a2/17 Kailash Ghosh Road
_bKolkata
_e700008
_k9433490967
_mamitbndhpdh5@gmail.com
300 _a83p.
_c22(hb)
760 _b1
942 _2ddc
_cEN
_h881
_mBAN
_e1
999 _c210981
_d210981